<?xml version="1.0" encoding="UTF-8"?>
<marc:record xmlns:marc="http://www.loc.gov/MARC21/slim">
   <marc:leader>00000nam a2200000 a 4500</marc:leader>
   <marc:datafield ind1="1" ind2=" " tag="100">
      <marc:subfield code="a">Candlish, Louise</marc:subfield>
      <marc:subfield code="4">aut</marc:subfield>
      <marc:subfield code="e">Verfasser/-in</marc:subfield>
   </marc:datafield>
   <marc:datafield ind1="0" ind2="0" tag="245">
      <marc:subfield code="a">Die Fremden in meinem Haus</marc:subfield>
   </marc:datafield>
   <marc:datafield ind1="0" ind2="0" tag="245">
      <marc:subfield code="b">Thriller</marc:subfield>
   </marc:datafield>
   <marc:datafield ind1=" " ind2="1" tag="264">
      <marc:subfield code="a">München</marc:subfield>
      <marc:subfield code="b">btb</marc:subfield>
      <marc:subfield code="c">2023</marc:subfield>
   </marc:datafield>
   <marc:datafield ind1=" " ind2=" " tag="250">
      <marc:subfield code="a">Deutsche Erstausgabe</marc:subfield>
   </marc:datafield>
   <marc:datafield ind1="1" ind2=" " tag="520">
      <marc:subfield code="a">Stell dir vor, du kommst nach Hause, und da wohnt eine andere Familie. Der Albtraum beginnt...&#xD;
&#xD;
Es ist ein sonniger Tag in einem Londoner Vorort. Als Fiona Lawson nach Hause kommt und feststellt, dass Fremde in ihr Haus eingezogen sind, stürzt sie in Angst und Verwirrung. Sie und ihr Ehemann Bram besitzen das Haus schon seit Jahren und hatten nicht die Absicht, es zu verkaufen. Wie kann es also sein, dass eine andere Familie glaubt, das Haus gehöre ihnen? Und wo ist eigentlich Bram, als Fiona ihn am meisten braucht?</marc:subfield>
   </marc:datafield>
   <marc:datafield ind1=" " ind2=" " tag="020">
      <marc:subfield code="a">9783442771073</marc:subfield>
      <marc:subfield code="9">9783442771073</marc:subfield>
   </marc:datafield>
   <marc:datafield ind1=" " ind2=" " tag="020">
      <marc:subfield code="a">3442771072</marc:subfield>
      <marc:subfield code="9">3442771072</marc:subfield>
   </marc:datafield>
   <marc:datafield ind1=" " ind2=" " tag="041">
      <marc:subfield code="a">ger</marc:subfield>
   </marc:datafield>
   <marc:datafield ind1=" " ind2=" " tag="300">
      <marc:subfield code="a">496 Seiten</marc:subfield>
   </marc:datafield>
</marc:record>
